<?xml version="1.0" encoding="UTF-8"?>
<collection xmlns="http://www.loc.gov/MARC21/slim">
  <record>
    <leader>00000nam  2200000   4500</leader>
    <controlfield tag="001">INLIS000000000006387</controlfield>
    <controlfield tag="005">20250721024657</controlfield>
    <datafield tag="035" ind1="#" ind2="#">
      <subfield code="a">0010-0120000074</subfield>
    </datafield>
    <controlfield tag="008">250721################g##########0#ind##</controlfield>
    <datafield tag="020" ind1="#" ind2="#">
      <subfield code="a">979 518 707 4</subfield>
    </datafield>
    <datafield tag="082" ind1="#" ind2="#">
      <subfield code="a">371.201</subfield>
    </datafield>
    <datafield tag="084" ind1="#" ind2="#">
      <subfield code="a">371.201 DAR a</subfield>
    </datafield>
    <datafield tag="100" ind1=" " ind2="#">
      <subfield code="a">Daryanto, H.M.</subfield>
    </datafield>
    <datafield tag="245" ind1="1" ind2="#">
      <subfield code="a">Administrasi Pendidikan /</subfield>
      <subfield code="c">H.M. Daryanto</subfield>
    </datafield>
    <datafield tag="250" ind1="#" ind2="#">
      <subfield code="a">Cetakan ke 3</subfield>
    </datafield>
    <datafield tag="260" ind1="#" ind2="#">
      <subfield code="a">Jakarta :</subfield>
      <subfield code="b">Rineka Cipta,</subfield>
      <subfield code="c">2005</subfield>
    </datafield>
    <datafield tag="300" ind1="#" ind2="#">
      <subfield code="a">210 halaman :</subfield>
      <subfield code="b">ilus ;</subfield>
      <subfield code="c">20,5 cm</subfield>
    </datafield>
    <datafield tag="650" ind1="#" ind2="4">
      <subfield code="a">Administrasi Pendidikan</subfield>
    </datafield>
    <datafield tag="520" ind1="#" ind2="#">
      <subfield code="a">Pada dasarnya yang menjadi perhatian administrasi adalah tujuan, manusia, sumber, dan waktu. Keempat unsur ini merupakan satu kesatuan sosial yang sering disebut organisasi. Dengan demikian administrasi merupakan subsistem dari organisasi, dan didefinisikan sebagai aktivitas-aktivitas yang dilakukan untuk mencapai tujuan yang telah ditetapkan. Sedangkan yang dimaksudkan dengan administrasi pendidikan di sekolah agar tercapai tujuan pendidikan di sekolah tersebut.&#13;
&#13;
Penyelenggaraan pendidikan di sini berkaitan dengan keseluruhan proses pengarahan dan pengintegrasian segala sesuatu baik personal, spiritual, dan material untuk mencapai tujuan pendidikan.&#13;
&#13;
Pada Administrasi Pendidikan ini dibahas tentang konsep dasar administrasi pendidikan, komponen dan tata kerja kelembagaan pendidikan, fungsi dan tanggung jawab kepala sekolah sebagai administrator pendidikan, administrasi keguruan, UU pokok kepegawaian dan kode etik tenaga keguruan, serta administrasi dan supervisi pendidikan.</subfield>
    </datafield>
    <datafield tag="990" ind1="#" ind2="#">
      <subfield code="a">06039807</subfield>
    </datafield>
    <datafield tag="990" ind1="#" ind2="#">
      <subfield code="a">06039806</subfield>
    </datafield>
    <datafield tag="990" ind1="#" ind2="#">
      <subfield code="a">06039808</subfield>
    </datafield>
    <datafield tag="990" ind1="#" ind2="#">
      <subfield code="a">06039806</subfield>
    </datafield>
    <datafield tag="990" ind1="#" ind2="#">
      <subfield code="a">06039807</subfield>
    </datafield>
    <datafield tag="990" ind1="#" ind2="#">
      <subfield code="a">06039808</subfield>
    </datafield>
  </record>
</collection>
